00979nam a22002057a 4500003000400000005001700004008004100021020001800062082001800080100003600098245005200134260004700186300002100233490001000254520035200264650006400616650004400680650002700724700002200751OSt20260310104239.0251020b |||||||| |||| 00| 0 ESPAd a9789978481288 29789978481288 aErnest Theodor Amadeus Hoffmann aLa vasija de Oro y otros Cuentos Fantásticos  aQuito-Ecuador bVelasque & Velasquezc2016 a245PAGc21X17 cm 3vinil aEl protagonista, Anselmo, es un joven estudiante soñador que un día tropieza con una anciana y derrama su cesta de frutas. Este hecho aparentemente casual lo conduce a un mundo mágico, donde conoce a Serpentina, una criatura maravillosa, hija del archivero Lindhorst, quien resulta ser un poderoso espíritu guardián de secretos antiguos. 2La vasija de oro ael cascanueces y el rey de los ratones  2El cascanueces y el rey de los ratones  2La suerte del jugador  a Theodor Amadeus